000 01300nam a2200325 i 4500
001 bg
245 0 0 _aNajwiększe wydarzenia w historii sztuki /
_cpod red. Jacques'a Marseille'a, Nadeije Laneyrie-Dagen ; przeł. Stanisław Rościcki.
246 _iTyt. oryg.:
_aLes grands événements de l'histoire de l'art
260 _aDiepholz :
_bOficyna Wydawnicza Mak,
_ccop. 1998.
300 _a320 s. :
_bil. ;
_c30 cm.
490 1 _aLarousse Dzieje Ludzkości
500 _aTyt. oryg.: "Les grands événements de l'histoire de l'art".
500 _aNa okł. podtyt.: wielcy twórcy, kierunki artystyczne, nurty awangardowe, dzieła, które wywołały skandal, status artysty, geneza arcydzieł, muzea i kolekcje, techniki, style, tematy.
504 _aIndeksy.
650 9 _aSztuka
_xhistoria
650 9 _aSztuka
655 _aKalendarium
700 1 _aMARSEILLE, Jaques.
_eRed.
700 1 _aLANEYRIE-DAGEN, Nadeije.
_eRed.
700 1 _aROŚCICKI, Stanisław.
_eTł.
830 _aLarousse Dzieje Ludzkości
020 _a3931154165
040 _cBPK
041 1 _apol
_hfre
080 _a7.03(091)(0.025.2)
920 _a3-931154-16-5
942 _cKS
008 s pl f |000 0 pol
999 _c53537
_d53537